000 00302nam a2200121Ia 4500
008 240731s9999 xx 000 0 und d
022 _a1469-9435
245 0 _aJournal of Education and Work
260 _bRoutledge
856 _uhttps://www.tandfonline.com/loi/cjew20
942 _2ddc
942 _cTFEJ
999 _c77658
_d77658
945 _a1
_bMadushi Gamage
_c1
_dMadushi Gamage